LEADER 01470nam0 22003731i 450 001 UON00160007 005 20231205103003.388 010 $a08-566-8287-X 100 $a20020521d1987 |0itac50 ba 101 $aeng 102 $aGB 105 $a|||| ||||| 200 1 $aBirds$f[Aristophanes]$gedited with translation and notes by Alan H. Sommerstein 210 $aWarminster$cAris & Phillips$d1987 215 $a311 p.$d22 cm 312 $ain greco e in inglese$9UON00370125 312 $ain greco e in inglese$9UON00370126 410 1$1001UON00160289$12001 $aˆThe ‰comedies of Aristophanes$v6 510 0$3UON00370125$aOrnithes 510 0$3UON00370126$aAves 606 $aCOMMEDIA GRECA$3UONC033510$2FI 606 $aLETTERATURA GRECA$xTraduzioni inglesi$3UONC028624$2FI 620 $dWarminster$3UONL000499 676 $a882$cLetteratura drammatica greca classica$v21 700 0$aAristophanes$3UONV056467$0602827 702 1$aSOMMERSTEIN$bAlan H.$3UONV057664 712 $aAris & Phillips$3UONV256733$4650 790 0$aARISTOFANE$zAristophanes$3UONV056470 801 $aIT$bSOL$c20260313$gRICA 899 $aSIBA - SISTEMA BIBLIOTECARIO DI ATENEO E ARCHIVIO STORICO$2UONSI 912 $aUON00160007 950 $aSIBA - SISTEMA BIBLIOTECARIO DI ATENEO E ARCHIVIO STORICO$dSI T 1 ARISTOPH 0952 06 $eSI MC 26029 5 06 996 $aBirds$94549618 997 $aUNIOR